Manual de la flora de los alrededores de Buenos Aires. /
Guardado en:
| Autor Principal: | |
|---|---|
| Formato: | Libro |
| Idioma: | Spanish |
| Publicado: |
Buenos Aires :
Editorial Acme,
[1953]
|
| Series: | Ciencias biológicas y agronómicas
|
| Materias: | |
| Etiquetas: |
Agregar Etiqueta
Sin Etiquetas, Sea el primero en etiquetar este registro!
|
| LEADER | 00732cam a22002051a 4500 | ||
|---|---|---|---|
| 001 | EEA.libagro009102 | ||
| 005 | 20140523113831.0 | ||
| 008 | 781214s1953####ag#a##########000#0#spa## | ||
| 010 | |a 54025955 | ||
| 040 | |a DLC |c TxU-Da |d DLC | ||
| 050 | 0 | 0 | |a QK261 |b .C3 |
| 082 | |a 581.982113 | ||
| 100 | 1 | |a Cabrera, Angel L. |q (Ángel Lulio), |d 1908-1999. | |
| 245 | 1 | 0 | |a Manual de la flora de los alrededores de Buenos Aires. / |c Cabrera, Angel Lulio. |
| 260 | |a Buenos Aires : |b Editorial Acme, |c [1953] | ||
| 300 | |a 589 p. : |b il. ; |c 23 cm. | ||
| 490 | 0 | |a Ciencias biológicas y agronómicas | |
| 504 | |a Bibliografía: p. 9. | ||
| 650 | 0 | |a Botánica |z Buenos Aires (Argentina : Provincia) | |
| 859 | |a AR-BbBCA |b BIB. AGRONOMIA |h 581.982113 |i C117 |p 1961/0096 | ||
